| 000 | 00413nam a2200145 4500 | ||
|---|---|---|---|
| 001 | 143477 | ||
| 003 | ES-MaACL | ||
| 005 | 20230906200827.0 | ||
| 007 | t| | ||
| 008 | 070214s1972 sp r ||||1| spa d | ||
| 245 | 0 | 0 | _aSentido cristiano de la persona, la famillia y la sociedad. |
| 260 |
_aMadrid : _bPropaganda Popular Católica, _c1972. |
||
| 300 |
_a330 p. ; _c21 cm. |
||
| 852 |
_aES-MaACL _jC-46422 _bR.83475 |
||
| 999 |
_c143477 _d143477 |
||